000 00732nam a2200289Ia 4500
005 20260324111546.0
008 008 260324s9999 xx 000 0 eng d
020 _a9781003611011
037 _aEBOOK
040 _aCRL
040 _beng
040 _cCRL
041 _2eng
041 _aeng
084 _qCRL
100 _aYanjuan Hu
_91139063
245 4 _aThe Power of Myth-understandings
245 0 _bCritical Skills for Effective Intercultural Doctoral Supervision of Chinese Students
260 _bTaylor and Francis
260 _c2025
365 _a
365 _b230
856 _uhttp://www.taylorfrancis.com/books/9781003611011
942 _cEBOOK
999 _c1727930
_d1727930